Every Manchester United Goal Scorer in the 1995/96 Premier League - Statistics

General Stats
  • This quiz has been taken 13 times
  • The average score is 57 of 72
Answer Stats
Game Scorer % Correct
Aston Villa (A) Beckham
92%
Blackburn Rovers (A) Beckham
92%
Coventry City (A) Beckham
92%
Chelsea (H) Beckham
92%
Bolton Wanderers (A) Beckham
92%
Nottingham Forest (H) Beckham
92%
Nottingham Forest (H) Beckham
92%
Everton (A) Giggs
92%
Bolton Wanderers (H) Giggs
92%
Chelsea (A) Giggs
92%
Southampton (H) Giggs
92%
Southampton (H) Giggs
92%
Queens Park Rangers (H) Giggs
92%
Everton (H) Giggs
92%
Manchester City (A) Giggs
92%
Southampton (A) Giggs
92%
Nottingham Forest (H) Giggs
92%
Middlesbrough (A) Giggs
92%
Liverpool (H) Cantona
83%
Nottingham Forest (A) Cantona
83%
Sheffield Wednesday (H) Cantona
83%
Sheffield Wednesday (H) Cantona
83%
West Ham United (A) Cantona
83%
Wimbledon (A) Cantona
83%
Wimbledon (A) Cantona
83%
Newcastle United (A) Cantona
83%
Queens Park Rangers (A) Cantona
83%
Arsenal (H) Cantona
83%
Tottenham Hotspur (H) Cantona
83%
Manchester City (A) Cantona
83%
Coventry City (H) Cantona
83%
Nottingham Forest (H) Cantona
83%
West Ham United (H) Scholes
83%
Bolton Wanderers (H) Scholes
83%
Bolton Wanderers (H) Scholes
83%
Manchester City (H) Scholes
83%
Chelsea (A) Scholes
83%
Chelsea (A) Scholes
83%
Southampton (H) Scholes
83%
Bolton Wanderers (A) Scholes
83%
Bolton Wanderers (A) Scholes
83%
Nottingham Forest (H) Scholes
83%
Bolton Wanderers (A) Bruce
75%
Liverpool (H) Butt
75%
Bolton Wanderers (A) Butt
75%
Wimbledon (H) Cole
75%
Middlesbrough (H) Cole
75%
Southampton (H) Cole
75%
Leeds United (A) Cole
75%
Newcastle United (H) Cole
75%
Queens Park Rangers (H) Cole
75%
Tottenham Hotspur (A) Cole
75%
Wimbledon (A) Cole
75%
Bolton Wanderers (A) Cole
75%
Manchester City (A) Cole
75%
Middlesbrough (A) Cole
75%
Coventry City (A) Irwin
75%
West Ham United (H) Keane
75%
Wimbledon (H) Keane
75%
Wimbledon (H) Keane
75%
Newcastle United (H) Keane
75%
Everton (H) Keane
75%
Leeds United (H) Keane
75%
Middlesbrough (H) Pallister
75%
Middlesbrough (A) May
67%
Chelsea (A) McClair
50%
Coventry City (A) McClair
50%
Coventry City (A) McClair
50%
Blackburn Rovers (A) Sharpe
50%
Everton (A) Sharpe
50%
Everton (A) Sharpe
50%
Blackburn Rovers (H) Sharpe
50%
No matching quizzes found
Score Distribution
Percent of People with Each Score
Percentile by Number Answered
Your Score History
You have not taken this quiz